[Event "IRT Memorial Antonio de Padua - ALEX 2016"]
[Site "Rio de Janeiro | BRA"]
[Date "2016.10.29"]
[Round "5.10"]
[White "Oliveira da Silva, Claudio"]
[Black "Manzi, Luiz Antonio Bardaro"]
[Result "0-1"]
[WhiteElo "1841"]
[BlackElo "2051"]

1. d4 Nf6 2. c4 e6 3. Nc3 d5 4. e3 c6 5. Nf3 Nbd7 6. cxd5 exd5 7. Be2 Bd6 8.
O-O O-O 9. Re1 Re8 10. g3 Ne4 11. Bf1 f5 12. Bh3 Ndf6 13. Bd2 Qe7 14. Rf1 g5
15. Bg2 Qg7 16. Ne2 Be6 17. Rc1 Bf7 18. Ne1 Re7 19. Nd3 Bh5 20. Re1 Rae8 21.
Bb4 Bxb4 22. Nxb4 f4 23. f3 Nd6 24. gxf4 Rxe3 25. Nd3 g4 26. Ng3 gxf3 27. Rxe3
Rxe3 28. Kf2 Re2+ 29. Nxe2 Qxg2+ {#R} 0-1

[Event "IRT Memorial Antonio de Padua - ALEX 2016"]
[Site "Rio de Janeiro | BRA"]
[Date "2016.10.29"]
[Round "5.11"]
[White "Lisboa Torres, Eduardo"]
[Black "Saraiva, Alexandre Pacheco"]
[Result "1/2-1/2"]
[WhiteElo "1893"]
[BlackElo "1847"]

1. d4 Nf6 2. c4 e6 3. Nc3 Bb4 4. e3 O-O 5. Ne2 c5 6. a3 Bxc3+ 7. Nxc3 d6 8.
Be2 Nc6 9. O-O Qe7 10. f4 cxd4 11. exd4 b6 12. Bf3 Bb7 13. b4 Rac8 14. Qd3 d5
15. cxd5 exd5 16. f5 h6 17. g4 Qd7 18. g5 hxg5 19. Bxg5 Nh7 20. Bh4 Nb8 21.
Rfe1 Rfe8 22. Re5 f6 23. Rxe8+ Rxe8 24. Bh5 Re7 25. Bg3 Nc6 26. h4 Nd8 27. Rc1
Nf7 28. Nb5 Ba6 29. a4 Bxb5 30. axb5 Nd6 31. Rc6 Qxf5 32. Qxf5 Nxf5 33. Rc8+
Nf8 34. Bb8 Re4 35. Bf3 Rxd4 36. Bxa7 Nxh4 37. Bh5 g6 38. Bxb6 Rxb4 39. Rxf8+
Kxf8 40. Bc5+ Ke8 41. Bxb4 gxh5 42. b6 Kd7 43. Be7 Kc6 44. Bxf6 Nf5 45. Bd8
Ng7 46. Kf2 Ne6 47. Bf6 Kxb6 48. Kg3 Kc5 49. Kh4 Nf4 50. Kg5 {#d} 1/2-1/2

[Event "IRT Memorial Antonio de Padua - ALEX 2016"]
[Site "Rio de Janeiro | BRA"]
[Date "2016.10.29"]
[Round "5.12"]
[White "Lima, Juarez"]
[Black "Rodrigues, Flavio Jose"]
[Result "1-0"]
[WhiteElo "1875"]
[BlackElo "1802"]

1. d4 Nf6 2. c4 d5 3. Nc3 g6 4. Bf4 Bg7 5. Nf3 O-O 6. e3 Bf5 7. Be2 c6 8. O-O
Nbd7 9. Rc1 Nh5 10. cxd5 Nxf4 11. exf4 cxd5 12. Nxd5 Nb6 13. Ne3 Be4 14. Ne5
Nd5 15. Nxd5 Bxd5 16. b3 Rc8 17. Qd2 Qd6 18. Rfd1 Rfd8 19. Qe3 Qa3 20. Qd2 Qd6
21. Qe3 Qa3 22. Ra1 Qb2 23. Bd3 a6 24. Rdb1 Qc3 25. Rd1 Be6 26. Bc4 Qb4 27.
Bxe6 fxe6 28. h4 Rd5 29. Nxg6 Qd6 30. Ne5 Rd8 31. Nf3 Qb6 32. Qe4 Bxd4 33. Ng5
{#r} 1-0

[Event "IRT Memorial Antonio de Padua - ALEX 2016"]
[Site "Rio de Janeiro | BRA"]
[Date "2016.10.29"]
[Round "5.13"]
[White "Luz da Costa, Carlos Henrique"]
[Black "Rios, Hilton"]
[Result "0-1"]
[WhiteElo "1544"]
[BlackElo "2176"]

1. d4 Nf6 2. Nf3 g6 3. Bf4 Bg7 4. h3 O-O 5. e3 d6 6. Nbd2 b6 7. Bd3 Bb7 8. c3
Nbd7 9. O-O e6 10. Re1 Qe7 11. a4 e5 12. Bg5 e4 13. Nxe4 Bxe4 14. a5 Rfe8 15.
Qe2 Qe6 16. Bxe4 Nxe4 17. Bf4 Qd5 18. c4 Qf5 19. Qc2 c5 20. d5 h5 21. axb6
axb6 22. Ra4 g5 23. Bh2 Rxa4 24. Qxa4 g4 {#R} 0-1

[Event "IRT Memorial Antonio de Padua - ALEX 2016"]
[Site "Rio de Janeiro | BRA"]
[Date "2016.10.29"]
[Round "5.14"]
[White "Garcia Perez, Bruno"]
[Black "Pereira, Marcos Luciano"]
[Result "1-0"]
[WhiteElo "1812"]
[BlackElo "1750"]

1. c4 Nf6 2. Nc3 e6 3. g3 Bb4 4. Bg2 O-O 5. e3 d6 6. Nge2 Nbd7 7. a3 Ba5 8. b4
Bb6 9. Na4 Ne5 10. Qc2 Bd7 11. Nxb6 axb6 12. b5 d5 13. d3 dxc4 14. dxc4 Bxb5
15. cxb5 Nd3+ 16. Kf1 Ng4 17. f3 Qf6 18. Qxd3 Rfd8 19. Nd4 e5 20. Qf5 Qd6 21.
Qxg4 h5 22. Qxh5 exd4 23. e4 d3 24. Bd2 Qd4 25. Rc1 Rxa3 26. Bh3 Ra2 27. Qg5
Rc2 28. Qe3 Qb2 29. Ke1 Qxb5 30. Rxc2 dxc2 31. Kf2 Rd3 32. Qg5 Qb1 33. Rc1 Qb3
34. Ke2 Rxf3 35. Qd5 Qa3 36. Rxc2 Rf6 37. e5 Qa6+ 38. Qc4 b5 39. Qxc7 Rb6 40.
Qd8+ Kh7 41. Bf5+ g6 42. Qh4+ Kg7 43. Qh6+ {#r} 1-0

[Event "IRT Memorial Antonio de Padua - ALEX 2016"]
[Site "Rio de Janeiro | BRA"]
[Date "2016.10.29"]
[Round "5.15"]
[White "Rodriguez, Ricardo Tuttle"]
[Black "Weibull, Oscar"]
[Result "1-0"]
[WhiteElo "1812"]
[BlackElo "1435"]

1. d4 Nf6 2. c4 d5 3. e3 Bf5 4. Nc3 e6 5. a3 c5 6. Nf3 Nbd7 7. cxd5 Nxd5 8.
Bd3 Nxc3 9. bxc3 Bxd3 10. Qxd3 cxd4 11. cxd4 Bd6 12. O-O O-O 13. Bb2 Nf6 14.
e4 Nh5 15. e5 Be7 16. Qe4 g6 17. Rfd1 f6 18. exf6 Rxf6 19. d5 exd5 20. Rxd5
Rd6 21. Rad1 Qb6 22. Rxd6 Bxd6 23. Qe6+ Kf8 24. Qxd6+ Qxd6 25. Rxd6 Ke7 26.
Rd4 Rc8 27. Rb4 b6 28. g3 Nf6 29. Bxf6+ Kxf6 30. a4 g5 31. Nd4 Rc1+ 32. Kg2
Ke5 33. Nf3+ Kf5 34. Rb5+ Ke4 35. Rxg5 Rc5 36. Rg7 Ra5 37. Rxh7 Rxa4 38. Rh4+
{#r} 1-0

[Event "IRT Memorial Antonio de Padua - ALEX 2016"]
[Site "Rio de Janeiro | BRA"]
[Date "2016.10.29"]
[Round "5.16"]
[White "Da Luz, Luiz Alberto"]
[Black "Gomes, Pedro Pessoa"]
[Result "0-1"]
[WhiteElo "1410"]
[BlackElo "1621"]

1. b4 e5 2. a3 Nf6 3. Bb2 d6 4. d3 Be7 5. g3 O-O 6. Bg2 c6 7. Nf3 a5 8. Nbd2
Na6 9. c3 Bd7 10. O-O Qc7 11. Rc1 Rac8 12. Re1 Qb6 13. Nf1 c5 14. Qd2 axb4 15.
Rb1 Qa5 16. axb4 cxb4 17. Ra1 bxc3 18. Rxa5 cxd2 19. N3xd2 Bc6 20. Nc4 Bxg2
21. Kxg2 d5 22. Nb6 Rc2 23. Ba3 Bxa3 24. Rxa3 Rb2 25. Na4 Rc2 26. Rc3 Rxc3 27.
Nxc3 d4 28. Nb5 Nd5 29. Rc1 Nab4 30. Nc7 Nc3 31. Kf3 f5 32. Ne6 e4+ 33. Kg2
exd3 34. Nxf8 dxe2 35. Ne6 Nd1 36. Rc8+ Kf7 37. Rf8+ Ke7 38. Nxd4 e1=Q 39.
Rxf5 Qe4+ 40. f3 Qxd4 41. Rf4 Qb2+ 42. Kh3 Nf2+ 43. Kh4 g5+ {#R} 0-1

[Event "IRT Memorial Antonio de Padua - ALEX 2016"]
[Site "Rio de Janeiro | BRA"]
[Date "2016.10.29"]
[Round "5.18"]
[White "Pinon, Antonio Marcos"]
[Black "Rovedo, Salomao"]
[Result "1-0"]
[WhiteElo "1625"]
[BlackElo "1681"]

1. d4 Nf6 2. c4 c5 3. d5 b5 4. cxb5 a6 5. b6 Bb7 6. Nc3 g6 7. Nf3 Bg7 8. e4 d6
9. a4 a5 10. Qb3 Nfd7 11. h4 Qxb6 12. Ra3 Na6 13. Qxb6 Nxb6 14. Bb5+ Kd8 15.
Bxa6 Bxa6 16. Nb5 Kd7 17. Nd2 Nxa4 18. Rxa4 Bxb5 19. Ra2 Rhb8 20. Rh3 a4 21.
Rha3 Kc7 22. f4 Bd7 23. Nc4 Bb5 24. Nd2 c4 25. Nf3 h6 26. e5 Be8 27. Rc3 Bb5
28. Nd4 Kb6 29. Be3 Ka5 30. Bd2 Kb6 31. Nf3 dxe5 32. Nxe5 Bxe5 33. fxe5 Rd8
34. Bxh6 Rxd5 35. Bf4 Rad8 36. Ra1 e6 37. Ke2 Kc5 38. Rf1 Rd3 39. Bg5 R8d7 40.
g4 Kb4 41. h5 gxh5 42. gxh5 Bc6 43. Rf4 R7d5 44. Rcxc4+ Kb3 45. Rxc6 Rd2+ 46.
Kf1 Rd1+ 47. Kg2 R1d2+ 48. Rf2 Rxf2+ 49. Kxf2 Rxe5 50. Rb6+ Kc4 51. Bd2 Rxh5
52. Ke2 e5 53. Rb4+ Kd5 54. Rxa4 f5 55. Ra5+ Ke4 56. Bc3 f4 57. Ra4+ Kd5 58.
Kf3 Rh3+ 59. Kg4 Rg3+ 60. Kf5 f3 61. Ra5+ Kc4 62. Bxe5 f2 63. Ra4+ Kd3 64. Rf4
Rg2 65. b4 Rg8 66. Rxf2 Rf8+ 67. Bf6 Kc4 68. Rb2 Kb5 69. Ke6 Rc8 70. Kd7 Rc4
71. Be7 Rc1 72. Bc5 {#r} 1-0

[Event "IRT Memorial Antonio de Padua - ALEX 2016"]
[Site "Rio de Janeiro | BRA"]
[Date "2016.10.29"]
[Round "6.1"]
[White "Khaje Hesamedini, Ali"]
[Black "Parente, Renan Braz"]
[Result "1/2-1/2"]
[WhiteElo "2268"]
[BlackElo "2126"]

1.d4 Nf6 2.c4 c5 3.d5 b5 4.cxb5 a6 5.bxa6 g6 6.Nc3 Bxa6 7.Nf3 Bg7 8.g3 d6
9.Bg2 Nbd7 10.Rb1 O-O 11.O-O Qa5 12.Bd2 Bb7 13.Qc2 Qa7 14.e4 Ba6 15.Rfd1 Ng4
16.h3 Nge5 17.Nxe5 Nxe5 18.Be3 Nc4 19.Bc1 {#d} 1/2-1/2

[Event "IRT Memorial Antonio de Padua - ALEX 2016"]
[Site "Rio de Janeiro | BRA"]
[Date "2016.10.29"]
[Round "6.3"]
[White "Fucs, Paulo Moses"]
[Black "Baeta, Marcio Netto"]
[Result "1-0"]
[WhiteElo "2044"]
[BlackElo "1971"]

1. c4 f5 2. d3 e5 3. Nf3 Nc6 4. g3 Nf6 5. Bg2 g6 6. Nc3 Bg7 7. O-O O-O 8. Rb1
a5 9. a3 d6 10. Bg5 h6 11. Bxf6 Bxf6 12. Nd5 Be6 13. Nxf6+ Qxf6 14. Qd2 Kh7
15. Rfc1 a4 16. Rc3 Na5 17. Rf1 Nb3 18. Qd1 c6 19. Nd2 Nc5 20. Nb1 e4 21. d4
Nb3 22. e3 b5 23. cxb5 cxb5 24. Nd2 Rac8 25. Nb1 Bc4 26. Re1 d5 27. Bf1 Rc7
28. Bxc4 bxc4 29. Rc2 Rd7 30. Nc3 Qc6 31. h4 Rb8 32. Ree2 g5 33. hxg5 hxg5 34.
f4 g4 35. Rh2+ Kg6 36. Qf1 Rg7 37. Qg2 Rbb7 38. Qh1 Rh7 39. Rxh7 Rxh7 40. Rh2
Rh3 41. Rxh3 gxh3 42. Qxh3 Nd2 43. g4 Nf3+ 44. Kf2 fxg4 45. Qxg4+ Kf6 46. Qh5
Qb7 47. Nxd5+ Ke6 48. Nb4 Qg7 49. f5+ Kd7 50. Qg6 Qxg6 51. fxg6 Ke6 52. Nd5
Nh2 53. g7 Kf7 54. Nf6 Kxg7 55. Nxe4 Ng4+ 56. Ke2 Kf7 57. Nd6+ Ke6 58. Nxc4
Kd5 59. Nd2 Kc6 60. Kf3 {#r} 1-0

[Event "IRT Memorial Antonio de Padua - ALEX 2016"]
[Site "Rio de Janeiro | BRA"]
[Date "2016.10.29"]
[Round "6.4"]
[White "Almeida, Gianluca Jorio"]
[Black "De Deus Filho, Joaquim"]
[Result "1-0"]
[WhiteElo "1925"]
[BlackElo "1954"]

1. c4 e5 2. Nc3 c5 3. g3 d6 4. Bg2 Nc6 5. d3 g6 6. e3 Bg7 7. Nge2 Be6 8. O-O
Nge7 9. Nd5 Qd7 10. Nec3 Rc8 11. f4 f5 12. a3 O-O 13. Rb1 Kh8 14. Bd2 h6 15.
b4 b6 16. b5 Nd8 17. a4 Nxd5 18. Nxd5 Bf7 19. a5 Rb8 20. axb6 axb6 21. Bc3
Bxd5 22. Bxd5 exf4 23. Bxg7+ Qxg7 24. gxf4 Re8 25. Qd2 g5 26. Kh1 g4 27. Rg1
Re7 28. h3 h5 29. hxg4 hxg4 30. Kg2 Qf6 31. Rh1+ Rh7 32. Rxh7+ Kxh7 33. Rh1+
Kg7 34. Qa2 Nf7 35. Qa7 Rf8 36. Kg3 Re8 37. e4 Re7 38. Qa1 Ne5 39. fxe5 dxe5
40. exf5 Qxf5 41. Qf1 Qg5 42. Qc1 Qf6 43. Be4 Kg8 44. Qh6 {#r} 1-0

[Event "IRT Memorial Antonio de Padua - ALEX 2016"]
[Site "Rio de Janeiro | BRA"]
[Date "2016.10.29"]
[Round "6.5"]
[White "Zacarias, Rodrigo Medeiros"]
[Black "Santos Filho, Tadeu Sousa"]
[Result "1-0"]
[WhiteElo "2112"]
[BlackElo "2043"]

1. e4 e6 2. d4 d5 3. Nc3 Nf6 4. Bg5 Bb4 5. e5 h6 6. Bd2 Bxc3 7. bxc3 Ne4 8.
Qg4 Kf8 9. Bd3 Nxd2 10. Kxd2 c5 11. h4 c4 12. Be2 Nc6 13. Nf3 b5 14. a3 a5 15.
Qf4 Bd7 16. g4 b4 17. Rhb1 Rb8 18. cxb4 axb4 19. axb4 Rxb4 20. Rxb4 Nxb4 21.
c3 Nc6 22. Ke1 g6 23. g5 h5 24. Qf6 Kg8 25. Bd1 Qc8 26. Bc2 Be8 27. Ng1 Qb7
28. Ne2 Ne7 29. Rb1 Qa7 30. Ng3 Qc7 31. Kd2 Rh7 32. Qf3 Rh8 33. Ra1 Qb7 34.
Qd1 Kg7 35. Ra2 Bc6 36. Qa1 Nc8 37. Rb2 Qc7 38. Ne2 Ne7 39. Nf4 Nc8 40. Qb1
Ne7 41. Bxg6 Nxg6 42. Qxg6+ fxg6 43. Nxe6+ Kf7 44. Nxc7 Ke7 45. Na6 Rf8 46.
Ke3 Ra8 47. Rb6 Be8 48. Nc7 Ra5 49. Nxe8 Kxe8 50. Rxg6 Ra3 51. Re6+ Kf7 52.
Rf6+ Kg7 53. Kd2 Ra2+ 54. Kc1 Re2 55. Kd1 Re4 56. f4 Re3 57. Kd2 Rd3+ 58. Kc2
Rh3 59. e6 Rxh4 60. Rf5 Rh2+ 61. Kd1 Rh1+ 62. Ke2 Ra1 63. e7 Ra2+ 64. Kf3 Ra8
65. Rf8 {#r} 1-0

[Event "IRT Memorial Antonio de Padua - ALEX 2016"]
[Site "Rio de Janeiro | BRA"]
[Date "2016.10.29"]
[Round "6.6"]
[White "Manzi, Luiz Antonio Bardaro"]
[Black "Lima, Juarez"]
[Result "1-0"]
[WhiteElo "2051"]
[BlackElo "1875"]

1. e4 e6 2. d3 Nc6 3. g3 Nf6 4. Bg2 d6 5. Nf3 Be7 6. O-O e5 7. c4 Bg4 8. h3
Bh5 9. Be3 O-O 10. Nc3 b6 11. Qd2 Na5 12. Nh4 Bg6 13. Nf5 Rc8 14. g4 c6 15. f4
Bxf5 16. gxf5 Nd7 17. Kh1 Bf6 18. Rg1 Kh8 19. Rab1 Nb7 20. b4 exf4 21. Bxf4
Bxc3 22. Qxc3 f6 23. d4 Qe7 24. Qg3 Rfd8 25. Rbe1 Qf7 26. Bf1 c5 27. bxc5 dxc5
28. e5 fxe5 29. dxe5 Nf8 30. e6 Nxe6 31. fxe6 Qe7 32. Bg5 Qd6 33. Bxd8 Qxg3
34. Rxg3 Rxd8 35. Bg2 Na5 36. e7 Re8 37. Rf3 Kg8 38. Rf8+ Rxf8 39. Bd5+ {#r}
1-0

[Event "IRT Memorial Antonio de Padua - ALEX 2016"]
[Site "Rio de Janeiro | BRA"]
[Date "2016.10.29"]
[Round "6.7"]
[White "Ramos, Angelo Bil"]
[Black "Simoes, Leo Ramos"]
[Result "0-1"]
[WhiteElo "2006"]
[BlackElo "2010"]

1. d4 Nf6 2. c4 e6 3. Nc3 Bb4 4. e3 d5 5. a3 Bxc3+ 6. bxc3 Ne4 7. Bb2 O-O 8.
Nf3 b6 9. cxd5 exd5 10. Bd3 Bf5 11. O-O Nd7 12. c4 dxc4 13. Bxc4 c5 14. dxc5
Ndxc5 15. Nd4 Bg6 16. Rc1 Rc8 17. f4 Qh4 18. Nf3 Qh6 19. Ne5 Rfd8 20. Bd4 Nd6
21. f5 Nxf5 22. Rxf5 Rxd4 23. exd4 Bxf5 24. Nxf7 Qe3+ 25. Kh1 Nd3 26. Nh6+ Kf8
27. Nxf5 Nf2+ 28. Kg1 Nxd1+ 29. Nxe3 Nxe3 {#R} 0-1

[Event "IRT Memorial Antonio de Padua - ALEX 2016"]
[Site "Rio de Janeiro | BRA"]
[Date "2016.10.29"]
[Round "6.8"]
[White "Lisboa Torres, Eduardo"]
[Black "Petrenko, Willy"]
[Result "1-0"]
[WhiteElo "1893"]
[BlackElo "1913"]

1. d4 Nf6 2. c4 e6 3. Nc3 Bb4 4. e3 Ne4 5. Ne2 Qf6 6. f3 Bxc3+ 7. bxc3 Nd6 8.
Nf4 b6 9. e4 Qd8 10. Bd3 Ba6 11. Qe2 O-O 12. Ba3 Re8 13. Bxd6 cxd6 14. e5 d5
15. h4 Qc7 16. Qc2 Bxc4 17. h5 Bxd3 18. Qxd3 Qc4 19. Qxc4 dxc4 { Impossível
reproduzir pois planilha mostra lance ilegal 20. Cd2.} {#r} 1-0

[Event "IRT Memorial Antonio de Padua - ALEX 2016"]
[Site "Rio de Janeiro | BRA"]
[Date "2016.10.29"]
[Round "6.9"]
[White "Saraiva, Alexandre Pacheco"]
[Black "Rodriguez, Ricardo Tuttle"]
[Result "1-0"]
[WhiteElo "1847"]
[BlackElo "1812"]

1. c4 e5 2. Nc3 Nf6 3. g3 g6 4. Bg2 Bg7 5. Nf3 d6 6. O-O O-O 7. d4 exd4 8.
Nxd4 c6 9. e4 Nbd7 10. h3 Re8 11. Re1 Nf8 12. Be3 Ne6 13. Nc2 Qc7 14. Qd2 b6
15. Rac1 Bb7 16. b4 a6 17. a4 c5 18. Nd5 Nxd5 19. exd5 Nf8 20. bxc5 bxc5 21.
a5 Re7 22. Rb1 Rae8 23. Bf4 Nd7 24. Rxe7 Rxe7 25. Bxd6 Qxd6 26. Rxb7 h5 27. h4
Kh7 28. f4 f5 29. Kh2 Kh6 30. Bh3 Bf6 31. Qd3 Re4 32. Rxd7 Qxd7 33. Qxe4 Qb7
34. Qd3 Qd7 35. Ne3 Qa4 36. Bxf5 gxf5 37. Nxf5+ Kg6 38. d6 Qa2+ 39. Kh3 Qa1
40. Kg2 Qb2+ 41. Kf3 Qb7+ 42. Ke3 Qg2 43. Ne7+ Kf7 44. Qg6+ Ke6 45. Qe4+ Qxe4+
46. Kxe4 Bxe7 47. dxe7 Kxe7 48. Kf5 {#r} 1-0

[Event "IRT Memorial Antonio de Padua - ALEX 2016"]
[Site "Rio de Janeiro | BRA"]
[Date "2016.10.29"]
[Round "6.11"]
[White "Mesquita, Arnaldo Leite"]
[Black "Oliveira da Silva, Claudio"]
[Result "1/2-1/2"]
[WhiteElo "1725"]
[BlackElo "1841"]

1. Nf3 c5 2. c4 Nc6 3. Nc3 Nf6 4. g3 g6 5. Bg2 Bg7 6. d3 O-O 7. O-O d6 8. a3
Bd7 9. Rb1 Rb8 10. b4 Ng4 11. Nd5 b6 12. h3 Nge5 13. b5 Nxf3+ 14. Bxf3 Nd4 15.
Bg2 e6 16. Ne3 f5 17. f4 Bc8 18. Nc2 Bb7 19. Nxd4 Bxd4+ 20. e3 Bxg2 21. Kxg2
Bg7 22. Bb2 Bxb2 23. Rxb2 Qf6 24. Rc2 e5 25. Qf3 Qe6 26. Rd1 Rfe8 27. Kf2 Re7
28. Qd5 Rbe8 29. Qxe6+ Rxe6 30. Re2 exf4 31. gxf4 Kf7 32. Kf3 Kf6 33. h4 R8e7
34. a4 Rd7 35. e4 Rde7 36. Rdd2 h6 37. Ra2 g5 38. hxg5+ hxg5 39. fxg5+ Kxg5
40. Rg2+ Kf6 41. Rae2 Rh7 42. Rh2 Ree7 43. Kf4 fxe4 44. dxe4 Ke6 45. Reg2
Ref7+ 46. Ke3 {#d} 1/2-1/2

[Event "IRT Memorial Antonio de Padua - ALEX 2016"]
[Site "Rio de Janeiro | BRA"]
[Date "2016.10.29"]
[Round "6.15"]
[White "Silva, Joao Paulo Gomes"]
[Black "Da Luz, Luiz Alberto"]
[Result "1-0"]
[WhiteElo "1598"]
[BlackElo "1410"]

1. Nf3 Nf6 2. g3 b6 3. Bg2 Bb7 4. c4 Nc6 5. O-O e6 6. Nc3 Be7 7. d3 O-O 8. b3
Rb8 9. Bb2 d5 10. cxd5 Nxd5 11. Nxd5 exd5 12. d4 f5 13. Rc1 Bf6 14. e3 Ne7 15.
Qc2 c6 16. Ba3 Rc8 17. Bh3 g6 18. Qb1 a5 19. b4 Ba6 20. Rfe1 Bc4 21. Nd2 axb4
22. Bxb4 c5 23. Nxc4 cxb4 24. Ne5 Qd6 25. Nd3 Nc6 26. Bg2 Be7 27. Nf4 Kh8 28.
Nxd5 Bg5 29. Nxb6 Rc7 30. Nc4 Qe7 31. d5 Qf6 32. dxc6 Rb8 33. Rcd1 Qe7 34. f4
Bf6 35. e4 Qc5+ 36. Ne3 Bd4 37. Qc1 Qb6 38. Kh1 Rxc6 39. Qd2 Bc3 40. Nd5 Bxd2
41. Nxb6 Rcxb6 42. Rxd2 b3 43. axb3 Rxb3 44. e5 Rb1 45. Rd8+ Kg7 46. Rxb8 Rxb8
47. e6 Kf6 {#r} 1-0